000 00654nam a2200253 a 4500
003 AR-BaBNM
005 20251128204427.0
008 082120s2002 ||||||||||||||000 | spa||
020 _a950-13-9061-6
040 _cAR-BaBNM
100 1 _aTusini, Juliana
245 0 0 _aAlegría de construir
_btrabajo manual y decoración
250 _a2ª ed.
260 _aBuenos Aires
_bKapelusz
_c1974
300 _a87 p.
_bil.
490 0 _aCómo hacer
650 4 _aARTESANIAS
650 4 _aEDUCACION ARTISTICA
653 _aMANUALIDADES
700 1 _aCunietti, Juana
700 1 _aGianni Siccardi, Juan M.
_etraductor
942 _cBK
998 _cEnrique
999 _c7387
_d7387